Eramos unos niños

Saved in:
Bibliografiske detaljer
Hovedforfatter: Smith, Patti (autor)
Format: Bog
Sprog:spansk
Udgivet: Barcelona Random House Mondadori 2010
Udgivelse:2a. ed
Fag:
Tags: Tilføj Tag
Ingen Tags, Vær først til at tagge denne postø!

MARC

LEADER 00000cam a2200000 a 4500
001 UCG8311
003 CL-VaPUC
008 111202e20100000SP |||||||||||||||||spa|d
020 |a 9788426414052 
082 0 4 |a 780.92  |b SMI  |2 21 
100 |a Smith, Patti  |e autor  |9 559290 
245 1 0 |a Eramos unos niños 
250 |a 2a. ed 
300 |a 294 p 
942 |c BK 
945 |d 20111202 00:00:00  |a dcastane 
260 |a Barcelona  |b Random House Mondadori  |c 2010 
650 7 |a MUSICOS BIOGRAFIAS  |2 CL-VaPUC  |9 306390 
583 |a last modification  |c 20111202 14:14:00  |k Rodrigo Vera 
999 |c 345928  |d 345926 
952 |0 0  |1 0  |4 0  |6 780_920000000000000_SMI_2010  |7 0  |8 A  |9 446324  |a BIBART  |b BIBART  |d 2019-11-22  |i 4805925  |l 4  |m 4  |o 780.92 SMI 2010  |p 4805925  |r 2025-03-13  |s 2024-11-18  |w 2019-11-22  |y BK  |k ART